Noms de pays en... polonais ! - Statistiques

Statistiques générales
  • Ce quiz a été pris 108 fois
    33 depuis la dernière actualisation
  • Le résultat moyen est 16 sur 20
Statistiques - réponses
Pays en polonais Nom français % Correct
Albania Albanie
100%
Algieria Algérie
100%
Arabia Saudyjska Arabie Saoudite
100%
Austria Autriche
100%
Azerbejdżan Azerbaïdjan
100%
Białoruś Biélorussie
100%
Bośnia i Hercegowina Bosnie-Herzégovine
100%
Korea Południowa Corée du Sud
100%
Kostaryka Costa Rica
100%
Egipt Egypte
100%
Zjednoczone Emiraty Arabskie Emirats arabes unis
100%
Francja France
100%
Islandia Islande
100%
Maroko Maroc
100%
Mołdawia Moldavie
100%
Mozambik Mozambique
100%
Nikaragua Nicaragua
100%
Norwegia Norvège
100%
Nowa Zelandia Nouvelle-Zélande
100%
Holandia Pays-Bas
100%
Peru Pérou
100%
Polska Pologne
100%
Portugalia Portugal
100%
Demokratyczna Republika Konga République démocratique du Congo
100%
Rumunia Roumanie
100%
Salwador Salvador
100%
Serbia Serbie
100%
Słowacja Slovaquie
100%
Tunezja Tunisie
100%
Meksyk Mexique
93%
Watykan Vatican
93%
Bahamy Bahamas
92%
Dania Danemark
90%
Rosja Russie
89%
Czad Tchad
88%
Gwinea Równikowa Guinée équatoriale
87%
Szwajcaria Suisse
83%
Litwa Lituanie
80%
Łotwa Lettonie
75%
Republika Środkowoafrykańska Centrafrique
71%
Stany Zjednoczone Etats-Unis
50%
Gruzja Géorgie
44%
Niemcy Allemagne
40%
Wyspy Świętego Tomasza i Książęca Sao-Tomé-et-Principe
33%
Chorwacja Croatie
31%
Seszele Seychelles
31%
Włochy Italie
28%
Republika Zielonego Przylądka Cap-Vert
15%
Czarnogóra Monténégro
15%
Wybrzeże Kości Słoniowej Côte d'Ivoire
14%
Aucun quiz correspondant
Distribution des résultats
% des personnes avec chaque résultat
Percentile par nombre de réponses
Votre historique - résultats
Vous n’avez pas pris ce quiz depuis la dernière actualisation